000 00829nam a22002537a 4500
001 30141
003 UA-OsUOA
005 20260311112243.0
007 ta
008 20041105b un ||||| |||| 00| 0 ukr d
040 _aUA-OsUOA
_bukr
_cUA-OsUOA
_dUA-OsUOA
041 _aukr
044 _aCA
080 _a913(4/9)(6)+82-992
090 _a913(4/9)(6)+82-992
_bШ96
100 _aШумовський Ю.
_924383
245 _aПід гарячим сонцем Африки
_cЮрій Ф. Шумовський
260 _aВінніпеґ
_bТризуб
_c1956
300 _a172 с.
_b37 ілюстрацій
650 7 _2UDC
_a82 Література. Літературознавство
_915
942 _cBK
_2udc
955 _a4
999 _c316548
_d316548